Suki Waterhouse - My Mind lyrics - Statistics

General Stats
  • This quiz has been taken 20 times
  • The average score is 121 of 159
Answer Stats
Hint Answer % Correct
I
100%
it
100%
It's
100%
it's
100%
just
100%
Just
100%
me
100%
mind,
100%
mind
100%
my
100%
My
100%
the
100%
time
100%
to
100%
to?
100%
we
100%
you
100%
You
100%
all
67%
all,
67%
an
67%
And
67%
and
67%
at
67%
been
67%
But
67%
calling
67%
Outro Calling
67%
don't
67%
dream
67%
excuse
67%
Give
67%
give
67%
had
67%
have
67%
Have
67%
last
67%
left
67%
lose
67%
loved
67%
met
67%
Verse 1 Never
67%
never
67%
| Chorus Nothing
67%
nothing
67%
now
67%
One
67%
Only
67%
only
67%
questions
67%
running
67%
said
67%
see
67%
take
67%
train
67%
up?
67%
when
67%
Bridge x2 When
67%
Where
67%
are
33%
Ask
33%
gotta
33%
in
33%
look
33%
nerve
33%
nightmares
33%
out
33%
terrified
33%
wild
33%
lodr
0%
No matching quizzes found
Score Distribution
Percent of People with Each Score
Percentile by Number Answered
Your Score History
You have not taken this quiz